Statistics for Sherlock Characters(BBC)

Click here to take the quiz!

General Stats

  • This quiz has been taken 2,173 times
  • The average score is 8 of 10

Answer Stats

HintAnswer% Correct
Consulting DetectiveSherlock Holmes
99%
Detective's BloggerJohn Watson
97%
Detective's BrotherMycroft Holmes
95%
The WomanIrene Adler
84%
The LandladyMrs. Hudson
82%
Detective InspectorLestrade
81%
Consulting CriminalJames Moriarty
73%
Morgue WorkerMolly Hooper
69%
Disliked SergeantAnderson
68%
DI's SergeantSally Donovan
47%

Score Distribution

Percentile by Number Answered

Percent of People with Each Score

Your Score History

You have not taken this quiz